000 00743nam a2200181Ia 4500
008 090124s9999 xx 000 0 und d
082 _b25699
_a3280
100 _aदेशपांडे रमाकांत
245 _a बॅरिस्टर तीन रुपे (कथा कादंबरी नाटक)
250 _a1
260 _c1988
300 _a176
600 _aदेशपांडे रमाकांत
630 _a बॅरिस्टर तीन रुपे (कथा कादंबरी नाटक)
700 _aदेशपांडे रमाकांत
730 _a बॅरिस्टर तीन रुपे (कथा कादंबरी नाटक)
942 _cBOOK
999 _c139203
_d139203